Statistiques concernant Les chansons inspirées par le reste du monde

Cliquez ici pour prendre le quiz!

Statistiques générales

  • Ce quiz a été pris 35 fois
  • Le résultat moyen est 7 sur 35

Statistiques - réponses

InterprètesChansons% Correct
Henri SalvadorLe lion {est mort ce soir}
85%
Rita MitsoukoMarcia {baila}
85%
Fredericks Goldman JonesA nos {actes manqués}
67%
Rose LaurensA {Africa}
64%
Marcel ZaniniTu veux {ou tu veux pas}
55%
Patrick BruelAu {café des délices}
48%
Jacques BrelLe {tango} funèbre
48%
Jacques DutroncL'hôtesse {de l'air}
45%
Alain SouchonY'a {d'la rumba dans l'air}
33%
Edith PiafLa {Foule}
30%
Michel SardouLes {lacs du Connemara}
27%
Pierre VassiliuQui {c'est celui là} ?
24%
Serge GainsbourgL'ami {caouette}
21%
RenaudMarchand {de cailloux}
21%
FernandelLe tango {corse}
18%
Guy Marchand{Moi je suis} tango tango
18%
Sacha DistelL'incendie {à Rio}
15%
Nana MouskouriQuand {tu chantes}
12%
RenaudLe tango {des élus}
6%
MC SolaarAu pays de {Gandhi}
3%
Boris VianComplainte {du progrès}
3%
Alain SouchonPapa {mambo}
3%
Boby LapointeT'as pas {t'as pas tout dit}
3%
Yves DuteilVivre {sans vivre}
3%
Henri SalvadorCa {pince}
0%
Bernard LavilliersE {Eldorado}
0%
Edith PiafJ {Jézébel}
0%
Nana MouskouriLa fille d'{Ipanema}
0%
Claude NougaroL'amour {sorcier}
0%
Charles AznavourLa terre {meurt}
0%
Léo FerréLe {flamenco} de Paris
0%
Charles AznavourLes deux {guitares}
0%
Jacques BrelLes {Toros}
0%
Frères JacquesLe {tango interminable} des perceurs de coffre-fort
0%
Bernard LavilliersPierrot {la lame}
0%

Distribution des résultats

Percentile par nombre de réponses

% des personnes avec chaque résultat

Votre développement - résultats

Vous n’avez pas pris ce quiz